La delincuencia juvenil (Registro nro. 65)
[ vista simple ]
| 000 -Cabecera | |
|---|---|
| Campo de control de longitud fija | 00642aam a2200277 4500 |
| 005 - Fecha y hora de la última transacción | |
| Campo de control | 20260406154128.0 |
| 008 - Elementos de longitud fija--Información general | |
| Campo de control de longitud fija | 150717b xxu||||| |||| 00| 0 spa d |
| 020 ## - International Standard Book Number | |
| Número Internacional Estándar del Libro (ISBN) | 8433534106 |
| 041 ## - Idioma | |
| Código de idioma | Español |
| 082 ## - Clasificación Decimal Dewey | |
| Número de clasificación | 364.36 W517d |
| 100 ## - Entrada principal--Autor personal | |
| Nombre personal | West, D. J |
| 9 (RLIN) | 14367 |
| 245 ## - Título propiamente dicho | |
| Título | La delincuencia juvenil |
| 250 ## - Edición | |
| Mención de edición | 2 edición |
| 260 ## - Pie de imprenta | |
| Lugar de publicación, distribución, etc. | España |
| 260 ## - Pie de imprenta | |
| Nombre del editor, distribuidor, etc. | Labor |
| 260 ## - Pie de imprenta | |
| Fecha de publicación, distribución, etc. | 1973 |
| 300 ## - Descripción física | |
| Extensión | 306 páginas |
| 490 ## - Serie | |
| Título de la Serie | Investigación Criminal |
| 650 ## - Materia general | |
| Temática (materia general) | DELINCUENCIA JUVENIL |
| 650 ## - Materia general | |
| Temática (materia general) | PSICOLOGÍA CRIMINAL |
| 650 ## - Materia general | |
| Temática (materia general) | APREHENSIÓN |
| 650 ## - Materia general | |
| Temática (materia general) | VIOLENCIA |
| 650 ## - Materia general | |
| Temática (materia general) | SEXO |
| 650 ## - Materia general | |
| Temática (materia general) | DROGAS |
| 942 ## - Punto de acceso adicional KOHA | |
| Tipo de ítem KOHA | Libro |
| Fuente del sistema de clasificación o colocación | Dewey Decimal Classification |
| Signatura completa | Código de barras | Programa Académico | Tipo de ítem |
|---|---|---|---|
| 364.36 W517d | 514 | Investigación Criminal | Libro |